Jesus never fails / (Record no. 489617)
[ view plain ]
| 000 -LEADER | |
|---|---|
| fixed length control field | 00866nam a22002057a 4500 |
| 003 - CONTROL NUMBER IDENTIFIER | |
| control field | OSt |
| 005 - DATE AND TIME OF LATEST TRANSACTION | |
| control field | 20251125102249.0 |
| 008 - FIXED-LENGTH DATA ELEMENTS--GENERAL INFORMATION | |
| fixed length control field | 251125b |||||||| |||| 00| 0 eng d |
| 040 ## - CATALOGING SOURCE | |
| Original cataloging agency | Kenya National Library Service |
| 082 ## - DEWEY DECIMAL CLASSIFICATION NUMBER | |
| Classification number | 232 RAH |
| 100 ## - MAIN ENTRY--PERSONAL NAME | |
| Personal name | Rahn, Robert |
| Relator term | author |
| 245 ## - TITLE STATEMENT | |
| Title | Jesus never fails / |
| Statement of responsibility, etc. | Rev. Robert Rahn. |
| 250 ## - EDITION STATEMENT | |
| Edition statement | Third edition. |
| 300 ## - PHYSICAL DESCRIPTION | |
| Extent | 11 pages ; |
| Dimensions | 15 cm. |
| 520 ## - SUMMARY, ETC. | |
| Summary, etc. | This booklet introduces you to the only one who never fails. His name is Jesus. He was sent by God to earn forgiveness for our failings and our sins. we can trust Jesus to forgive us, guide us, and protect us from Satan and ever evil. Read on to discover why you can trust that Jesus will never fail you. |
| 650 ## - SUBJECT ADDED ENTRY--TOPICAL TERM | |
| Topical term or geographic name entry element | Jesus Christ. |
| 942 ## - ADDED ENTRY ELEMENTS (KOHA) | |
| Source of classification or shelving scheme | Dewey Decimal Classification |
| Koha item type | Books |
| Suppress in OPAC | No |
| Withdrawn status | Source of classification or shelving scheme | Damaged status | Not for loan | Collection | Home library | Current library | Shelving location | Date acquired | Source of acquisition | Cost, normal purchase price | Total checkouts | Full call number | Barcode | Date last seen | Price effective from | Koha item type |
|---|---|---|---|---|---|---|---|---|---|---|---|---|---|---|---|---|
| Dewey Decimal Classification | Legal Deposit | Preservation, Conservation & Publication | Preservation, Conservation & Publication | 11/25/2025 | Legal | 200.00 | 232 RAH | A636197 | 11/25/2025 | 11/25/2025 | Books | |||||
| Dewey Decimal Classification | Legal Deposit | Preservation, Conservation & Publication | Preservation, Conservation & Publication | 11/25/2025 | Legal | 200.00 | 232 RAH | A636198 | 11/25/2025 | 11/25/2025 | Books |
